США: реалии социальной жизни

Podrobná bibliografie
Hlavní autor: Цветков А. Г. Александр Глебович
Shrnutí:Исключено из фонда НТБ ТПУ
Jazyk:ruština
Vydáno: Киев, Лыбидь, 1990
Médium: MixedMaterials Kniha
KOHA link:https://koha.lib.tpu.ru/cgi-bin/koha/opac-detail.pl?biblionumber=230273

MARC

LEADER 00000nam0a2200000 4500
001 230273
005 20231031202521.0
010 |a 5110004595 
035 |a (RuTPU)RU\TPU\book\251034 
090 |a 230273 
100 |a 20130118d1990 k y0rusy50 ca 
101 0 |a rus 
102 |a UA 
105 |a y z 001zy 
200 1 |a США: реалии социальной жизни  |f А. Г. Цветков 
210 |a Киев  |c Лыбидь  |d 1990 
215 |a 174 с. 
320 |a Библиография в ссылках: с. 161-163. 
333 |a Исключено из фонда НТБ ТПУ 
700 1 |a Цветков  |b А. Г.  |g Александр Глебович 
801 1 |a RU  |b 63413507  |c 20130118 
801 2 |a RU  |b 63413507  |c 20170220  |g RCR 
942 |c BK